00640nam a2200241 a 4500001001300000003000900013005001700022008004100039020001000080082001600090100001500106245002300121260003200144300000900176500003500185505001000220650002700230700001500257902000800272942000700280952009600287999001500383nice12345678IN_TiNIC20260116011831.0050524s1912 bosa grp 000 0 eng  ac10000a231.76bHER aHermann, E aEucken and Bergson aBostonbPilgrim Pressc1912 a224p aincludes index and biblioraphy2 aIndex aPhilosophical-Theology1 aHermann, E bSRS cBK 00104070aHMIbHMId2007-06-15g100.00l0o231.76 HERp8444r2007-06-15w2026-01-16yARB c4308d4308